La concepción nietzscheana de la justicia en la genealogía de la moral confrontada desde Rawls y Habermas /

Este ensayo tiene como propósito problematizar las ideas nietzcheanas sobre la justicia tal como son representadas por el autor en La genealogía de la moral. Para tal labor se hecha mano de los aportes y criterios de ingreso tanto de John Rawls como de Jürgen Haberlas al respecto de la misma problem...

Descrizione completa

Salvato in:
Dettagli Bibliografici
Autore principale: Villalobos A., Iván
Natura: testo
Soggetti:
Tags: Aggiungi Tag
Nessun Tag, puoi essere il primo ad aggiungerne!!

MARC

LEADER 00000 a a2200000 04500
001 15533
003
040
100 |a Villalobos A., Iván  
245 |a La concepción nietzscheana de la justicia en la genealogía de la moral confrontada desde Rawls y Habermas /  |c Iván Villalobos A. 
520 |a Este ensayo tiene como propósito problematizar las ideas nietzcheanas sobre la justicia tal como son representadas por el autor en La genealogía de la moral. Para tal labor se hecha mano de los aportes y criterios de ingreso tanto de John Rawls como de Jürgen Haberlas al respecto de la misma problemática y otras afines, como las relativas al contrato social, la relación individuo-comunidad, la racionalidad ética y comunicativa, etc  
650 |a JUSTICIA  
650 |a POSMODERMIDAD  
650 |a TEORIA SOCIAL  
773 |g volumen 44, número 111 -112; páginas 25-35  
999 |c 31594  |d 31594